<?xml version="1.0" encoding="UTF-8"?>
<record
    xmlns:xsi="http://www.w3.org/2001/XMLSchema-instance"
    xsi:schemaLocation="http://www.loc.gov/MARC21/slim http://www.loc.gov/standards/marcxml/schema/MARC21slim.xsd"
    xmlns="http://www.loc.gov/MARC21/slim">

  <leader>00618nam a22001337a 4500</leader>
  <datafield tag="040" ind1=" " ind2=" ">
    <subfield code="c">RUA</subfield>
  </datafield>
  <datafield tag="082" ind1=" " ind2=" ">
    <subfield code="a">GRS KHA 2016 B365 Or.1</subfield>
  </datafield>
  <datafield tag="100" ind1=" " ind2=" ">
    <subfield code="a">KHA SYNOEURN,&#x1781;&#x17B6; &#x179F;&#x17CA;&#x17B8;&#x1793;&#x17BF;&#x1793;</subfield>
  </datafield>
  <datafield tag="245" ind1=" " ind2=" ">
    <subfield code="a">using hygienic water, preck chrey village, preck chrey commune, koh thom district, kandal province,&#x1780;&#x17B6;&#x179A;&#x1794;&#x17D2;&#x179A;&#x17BE;&#x1794;&#x17D2;&#x179A;&#x17B6;&#x179F;&#x17CB;&#x1791;&#x17B9;&#x1780;&#x179F;&#x17D2;&#x17A2;&#x17B6;&#x178F; &#x1797;&#x17BC;&#x1798;&#x17B7;&#x1796;&#x17D2;&#x179A;&#x17C2;&#x1780;&#x1787;&#x17D2;&#x179A;&#x17B6;&#x17C6; &#x1783;&#x17BB;&#x17C6;&#x1796;&#x17D2;&#x179A;&#x17C2;&#x1780;&#x1787;&#x17D2;&#x179A;&#x17C3; &#x179F;&#x17D2;&#x179A;&#x17BB;&#x1780;&#x1780;&#x17C4;&#x17C7;&#x1792;&#x17C6; &#x1781;&#x17C1;&#x178F;&#x17D2;&#x178F;&#x1780;&#x178E;&#x17D2;&#x178F;&#x17B6;&#x179B;</subfield>
  </datafield>
  <datafield tag="260" ind1=" " ind2=" ">
    <subfield code="a">RUA</subfield>
    <subfield code="b">phnom penh</subfield>
    <subfield code="c">2016</subfield>
  </datafield>
  <datafield tag="300" ind1=" " ind2=" ">
    <subfield code="a">vii;19p;</subfield>
    <subfield code="b">ill;</subfield>
    <subfield code="c">29cm;</subfield>
  </datafield>
  <datafield tag="856" ind1=" " ind2=" ">
    <subfield code="u">KHA SYNOEURN</subfield>
  </datafield>
  <datafield tag="942" ind1=" " ind2=" ">
    <subfield code="c">GRS</subfield>
  </datafield>
  <datafield tag="999" ind1=" " ind2=" ">
    <subfield code="c">19244</subfield>
    <subfield code="d">19244</subfield>
  </datafield>
  <datafield tag="952" ind1=" " ind2=" ">
    <subfield code="0">0</subfield>
    <subfield code="1">0</subfield>
    <subfield code="2">ddc</subfield>
    <subfield code="4">0</subfield>
    <subfield code="6">GRS_KHA_2016_000000000000000_B365_OR_1</subfield>
    <subfield code="7">0</subfield>
    <subfield code="9">84446</subfield>
    <subfield code="a">LBB</subfield>
    <subfield code="b">LBB</subfield>
    <subfield code="c">B365</subfield>
    <subfield code="d">2020-07-15</subfield>
    <subfield code="o">GRS KHA 2016 B365 Or.1</subfield>
    <subfield code="p">A43379</subfield>
    <subfield code="r">2020-07-15</subfield>
    <subfield code="w">2020-07-15</subfield>
    <subfield code="y">GRS</subfield>
  </datafield>
  <datafield tag="952" ind1=" " ind2=" ">
    <subfield code="0">0</subfield>
    <subfield code="1">0</subfield>
    <subfield code="2">ddc</subfield>
    <subfield code="4">0</subfield>
    <subfield code="6">GRS_KHA_2016_000000000000000_B365_OR_2</subfield>
    <subfield code="7">0</subfield>
    <subfield code="9">84447</subfield>
    <subfield code="a">LBB</subfield>
    <subfield code="b">LBB</subfield>
    <subfield code="c">B365</subfield>
    <subfield code="d">2020-07-15</subfield>
    <subfield code="o">GRS KHA 2016 B365 Or.2</subfield>
    <subfield code="p">A43454</subfield>
    <subfield code="r">2020-07-15</subfield>
    <subfield code="w">2020-07-15</subfield>
    <subfield code="y">GRS</subfield>
  </datafield>
  <datafield tag="952" ind1=" " ind2=" ">
    <subfield code="0">0</subfield>
    <subfield code="1">0</subfield>
    <subfield code="2">ddc</subfield>
    <subfield code="4">0</subfield>
    <subfield code="6">GRS_KHA_2016_000000000000000_B365_OR_3</subfield>
    <subfield code="7">0</subfield>
    <subfield code="9">84448</subfield>
    <subfield code="a">LBB</subfield>
    <subfield code="b">LBB</subfield>
    <subfield code="c">B365</subfield>
    <subfield code="d">2020-07-15</subfield>
    <subfield code="o">GRS KHA 2016 B365 Or.3</subfield>
    <subfield code="p">A42856</subfield>
    <subfield code="r">2020-07-15</subfield>
    <subfield code="w">2020-07-15</subfield>
    <subfield code="y">GRS</subfield>
  </datafield>
  <datafield tag="952" ind1=" " ind2=" ">
    <subfield code="0">0</subfield>
    <subfield code="1">0</subfield>
    <subfield code="2">ddc</subfield>
    <subfield code="4">0</subfield>
    <subfield code="6">GRS_KHA_2016_000000000000000_B365_OR_4</subfield>
    <subfield code="7">0</subfield>
    <subfield code="9">84449</subfield>
    <subfield code="a">LBB</subfield>
    <subfield code="b">LBB</subfield>
    <subfield code="c">B365</subfield>
    <subfield code="d">2020-07-15</subfield>
    <subfield code="o">GRS KHA 2016 B365 Or.4</subfield>
    <subfield code="p">A43895</subfield>
    <subfield code="r">2020-07-15</subfield>
    <subfield code="w">2020-07-15</subfield>
    <subfield code="y">GRS</subfield>
  </datafield>
  <datafield tag="952" ind1=" " ind2=" ">
    <subfield code="0">0</subfield>
    <subfield code="1">0</subfield>
    <subfield code="2">ddc</subfield>
    <subfield code="4">0</subfield>
    <subfield code="6">GRS_KHA_2016_000000000000000_B365_OR_5</subfield>
    <subfield code="7">0</subfield>
    <subfield code="9">84450</subfield>
    <subfield code="a">LBB</subfield>
    <subfield code="b">LBB</subfield>
    <subfield code="c">B365</subfield>
    <subfield code="d">2020-07-15</subfield>
    <subfield code="o">GRS KHA 2016 B365 Or.5</subfield>
    <subfield code="p">A43973</subfield>
    <subfield code="r">2020-07-15</subfield>
    <subfield code="w">2020-07-15</subfield>
    <subfield code="y">GRS</subfield>
  </datafield>
  <datafield tag="952" ind1=" " ind2=" ">
    <subfield code="0">0</subfield>
    <subfield code="1">0</subfield>
    <subfield code="2">ddc</subfield>
    <subfield code="4">0</subfield>
    <subfield code="6">GRS_KHA_2016_000000000000000_B365_OR_6</subfield>
    <subfield code="7">0</subfield>
    <subfield code="9">84451</subfield>
    <subfield code="a">LBB</subfield>
    <subfield code="b">LBB</subfield>
    <subfield code="c">B365</subfield>
    <subfield code="d">2020-07-15</subfield>
    <subfield code="o">GRS KHA 2016 B365 Or.6</subfield>
    <subfield code="p">A42435</subfield>
    <subfield code="r">2020-07-15</subfield>
    <subfield code="w">2020-07-15</subfield>
    <subfield code="y">GRS</subfield>
  </datafield>
</record>
